Marketing podniku Marketingové aktivity a tvorba marketingové strategie podniku

Uložené v:
Podrobná bibliografia
Hlavný autor: Tomek, Jan
Médium: Kniha
Jazyk:Czech
Vydavateľské údaje: Praha Aleko 1991
Vydanie:1. vyd.
Tagy: Pridať tag
Žiadne tagy, Buďte prvý, kto otaguje tento záznam!

MARC

LEADER 00000nam a2200000 4500
001 c025200
005 20221214101643.3
041 0 |a cze 
044 |a CZ 
245 1 0 |a Marketing podniku  |b Marketingové aktivity a tvorba marketingové strategie podniku  |c Jan Tomek 
250 |a 1. vyd. 
264 1 |a Praha  |b Aleko  |c 1991 
300 |a 115 s. 
100 1 |a Tomek, Jan